000 02007nam a2200433 c 4500
001 58431
003 CO-BoRNBP
005 20250822154424.0
007 ta
008 210729s2017 ck er 000 0dspa d
020 _a9789584263599
040 _aCO-BoRNBP
_bspa
_erda
_cCO-BoRNBP
041 _aspa
082 0 4 _a828.914
_bD37l
_222
100 _aDiski, Jenny,
_d1947-2016
_eaut
_963173
245 1 0 _aLo que no sé de los animales /
_cJenny Diski ; traducción del inglés por Íñigo F. Lomana.
250 _aPrimera edición
264 1 _aBogotá, Colombia :
_bSeix Barral,
_c2017
300 _a430 páginas
336 _atexto
_btxt
_2rdacontent
337 _asin mediación
_bn
_2rdamedia
338 _avolumen
_bnc
_2rdacarrier
490 0 _aLos tres mundos
_aEnsayo
504 _aIncluye referencias bibliográficas
520 _a¿Qué sé de los animales? Para responderse a esta cuestión, Jenny Diski empezó a escribir este libro. A través de su experiencia personal, del estudio y la investigación, se sumerge en temas tan dispares como la observación de elefantes en Kenia, los peluches de su infancia o la relación que tenía Jacques Derrida con su mascota. Cualquier enfoque en sus manos es una retadora invitación a considerar nuestra relación y actitud hacia ello
521 _aRecomendado para un público adulto
534 _tWhat I don´t know about animals
545 _aIncluye datos biográficos de la autora en la solapa
650 0 7 _aConducta social
_vAnécdotas, chistes, sátiras, etc.
_vGuías
_2lemb
_963174
650 0 4 _aEnsayos ingleses
_ySiglo XXI
_2LEMB
_963175
650 0 7 _aRelación hombre-animal
_vFotografías
_2lemb
_963176
650 0 7 _aAnimales
_xHábitos y conducta
_vGuías
_2LEMB
_963177
650 0 4 _aLiteratura inglesa
_ySiglo XXI
_2LEMB
_963178
655 _aAnécdotas, chistes, sátiras, etc. Guías
_963179
655 _aFotografías
_963180
655 _aGuías
_963088
700 1 _aLomana, Íñigo F.,
_d1975-
_etrl
_963181
942 _2ddc
_cBK
999 _c58431
_d58431